000 00699nam a2200217Ia 4500
003 GCL
005 20240530102806.0
008 140319s9999 xx 000 0 ara d
040 _aGCL /
_cGCL
082 0 4 _a157.7
_bى ع
100 1 _aيحيى الرخاوى
245 1 0 _aعندما يتعرى الانسان: صور من عيادة نفسية /
_cيحيى الرخاوى
260 _a[S.N] :
_bدار الغد للثقافة والنشر ،
_c1979
300 _a272 ص
650 0 4 _aالصحة النفسية
650 0 4 _aالتحليل النفسى
650 0 4 _aالعلاج النفسى
650 0 4 _aالطب النفسى
650 0 4 _aالعقل الباطن
942 _2ddc
_cBK
999 _c34693
_d34693